| 000 | 01065nam a22002897a 4500 | ||
|---|---|---|---|
| 001 | BR7400159 | ||
| 003 | BR-BrBNA | ||
| 005 | 20230928084500.0 | ||
| 007 | ta | ||
| 008 | 230509b bl.||||| |||| 00| 0 por d | ||
| 040 |
_aBR-BrBNA _bpor _cBiblioteca Nacional de Agricultura |
||
| 041 | _a(Por) | ||
| 072 |
_aH20 _b2120 _b/G102 _b/G514 |
||
| 090 | _ 2120 BR7400159 | ||
| 100 | 1 | _aOrtolani, A.A. | |
| 100 | 1 | _aVianna, A.C.C. | |
| 100 | 1 | _aAbreu, R.G. de | |
| 110 | 1 |
_aGrupo Executivo de Racionalizacao da Cafeicultura, Rio de Janeiro, GB (Brasil) _95495 |
|
| 245 | 1 | _aHemileia vastatrix Bert e Br. Estudos e observacoes em Regioes da Africa, sugestoes a cafeicultura do Brasil; relatorio de missao realizado em Angola, Africa do Sul, Quenia, Tanzania, Uganda e instituicoes de pesquisa com relacao a ferrugem do cafeeiro | |
| 260 | 3 |
_aRio de Janeiro, GB (Brasil): _c1971. |
|
| 300 | _a193 p. | ||
| 500 | _aBibliography p. 188-193 (53 ref.); Summary (Eng) | ||
| 650 | _aCAFE | ||
| 650 | _aFERRUGEM | ||
| 909 |
_a202309 _bLucia _c55 _dLucia Elande |
||
| 942 | _cBK | ||
| 999 |
_c19257 _d19257 |
||